Compendio clínico médico-quirúrgico y de obstetricia ... / (Record no. 166109)

MARC details
000 -LEADER
campo de control de longitud fija 00606nam a2200157 i 4500
001 - NÚMERO DE CONTROL
campo de control 166109
003 - IDENTIFICADOR DE NÚMERO DE CONTROL
campo de control ES-MaACL
005 - FECHA Y HORA DE LA ÚLTIMA TRANSACCIÓN
campo de control 20230906213251.0
008 - DATOS DE LONGITUD FIJA--INFORMACIÓN GENERAL
campo de control de longitud fija 050907s1874 sp | |||||||| ||spa d
040 ## - FUENTE DE CATALOGACIÓN
Centro catalogador/agencia de origen CAM
Lengua de catalogación spa
Centro/agencia transcriptor CAM
100 1# - ENTRADA PRINCIPAL--NOMBRE DE PERSONA
Nombre de persona Tejada y España, Félix.
9 (RLIN) 133163
245 10 - MENCIÓN DEL TÍTULO
Título Compendio clínico médico-quirúrgico y de obstetricia ... /
Mención de responsabilidad, etc. por Félix Tejada y España.
260 ## - PUBLICACIÓN, DISTRIBUCIÓN, ETC.
Lugar de publicación, distribución, etc. Madrid :
Nombre del editor, distribuidor, etc. [s.n.],
Fecha de publicación, distribución, etc. 1874 (
Fabricante Imprenta de F. García y Compañía)
300 ## - DESCRIPCIÓN FÍSICA
Extensión 702 p. ;
Dimensiones 22 cm.
852 ## - LOCALIZACIÓN
Ubicación ES-MaACL
Número de control de estantería G-15436
Nota libre -- Enc. hol., conservando la cub. original
-- -- Ex-libris ms. de Gustavo Saenz Diez
Holdings
Estatus retirado Estado de pérdida Estado de daño No para préstamo Colección Biblioteca de origen Biblioteca actual Ubicación en estantería Fecha de adquisición Fuente de adquisición Total de préstamos Signatura topográfica completa Código de barras Visto por última vez Precio de reemplazo Tipo de ítem Koha
        Libros del s. XIX Biblioteca del Ateneo de Madrid Biblioteca del Ateneo de Madrid Sala Pecera Planta 3 17/01/2008     G-15436 1174205 23/02/2023 23/02/2023 Libro impreso antiguo